| 000 | 01050nam a2200241 i 4500 | ||
|---|---|---|---|
| 001 | 163873 | ||
| 003 | ES-MaACL | ||
| 005 | 20251116063111.0 | ||
| 008 | 950206s1878 sp |||| | spa d | ||
| 080 | _a821.134.2-21"15" | ||
| 100 | 1 |
_aRojas, Fernando de, _dca. 1470-1541 _999042 |
|
| 240 | 1 | 3 | _aLa Celestina |
| 245 | 1 | 3 |
_aLa Celestina : _btragi-comedia de Calisto y Melibea / _c[Fernando de Rojas]. |
| 250 | _a2ª ed. | ||
| 260 |
_aMadrid : _b[s.n.], _c1878 ( _fImp., Est. y Galv. de Aribau y Cª) |
||
| 300 |
_a2 t. en 1 v. (203 ; 169 p.) ; _c14 cm. |
||
| 490 | 1 |
_aBiblioteca universal. Colección de los mejores autores antiguos y modernos, nacionales y extranjeros ; _v2-3 |
|
| 530 | _aDisponible en formato digital el t. II. | ||
| 830 | 1 | 0 |
_aBiblioteca universal. _pColección de los mejores autores antiguos y modernos, nacionales y extranjeros _v2-3 _9188447 |
| 852 |
_aES-MaACL _jD-4822(2) _z- Enc. hol. |
||
| 856 |
_uhttps://archive.org/details/AGuichot0508 _zInternet Archive _z(T. II) |
||
| 999 |
_c163873 _d163873 |
||